La civilisation de la Grèce antique / (Record no. 50130)

MARC details
000 -LEADER
campo de control de longitud fija 00493nam a2200169 i 4500
001 - NÚMERO DE CONTROL
campo de control 50130
003 - IDENTIFICADOR DE NÚMERO DE CONTROL
campo de control ES-MaACL
005 - FECHA Y HORA DE LA ÚLTIMA TRANSACCIÓN
campo de control 20230906162129.0
007 - CAMPO FIJO DE DESCRIPCIÓN FÍSICA--INFORMACIÓN GENERAL
campo de control de longitud fija t|
008 - DATOS DE LONGITUD FIJA--INFORMACIÓN GENERAL
campo de control de longitud fija 030731s1932 fr ||||1| fre d
100 1# - ENTRADA PRINCIPAL--NOMBRE DE PERSONA
Nombre de persona Croiset, Maurice.
9 (RLIN) 41670
245 13 - MENCIÓN DEL TÍTULO
Título La civilisation de la Grèce antique /
Mención de responsabilidad, etc. Maurice Croiset.
260 ## - PUBLICACIÓN, DISTRIBUCIÓN, ETC.
Lugar de publicación, distribución, etc. Paris :
Nombre del editor, distribuidor, etc. Payot,
Fecha de publicación, distribución, etc. 1932 (
Lugar de fabricación/manufactura Dijon :
Fabricante Darantiére)
300 ## - DESCRIPCIÓN FÍSICA
Extensión 349 p., 2 map. ;
Dimensiones 23 cm.
650 #4 - PUNTO DE ACCESO ADICIONAL DE MATERIA--TÉRMINO DE MATERIA
Término de materia o nombre geográfico como elemento de entrada Civilización griega.
9 (RLIN) 137206
852 ## - LOCALIZACIÓN
Ubicación ES-MaACL
Número de control de estantería A-1041
Holdings
Estatus retirado Estado de pérdida Estado de daño No para préstamo Biblioteca de origen Biblioteca actual Ubicación en estantería Fecha de adquisición Fuente de adquisición Total de préstamos Signatura topográfica completa Código de barras Visto por última vez Precio de reemplazo Tipo de ítem Koha
        Biblioteca del Ateneo de Madrid Biblioteca del Ateneo de Madrid Sala Pecera Planta 1 17/01/2008     A-1041 1052734 23/02/2023 23/02/2023 Libro impreso